| 000 | 00684nam a2200217 i 4500 | ||
|---|---|---|---|
| 001 | 96692 | ||
| 003 | ES-MaACL | ||
| 005 | 20230906181947.0 | ||
| 007 | t| | ||
| 008 | 050629s1914 fr ||||1| fre d | ||
| 100 | 1 |
_aMamelet, A. _975895 |
|
| 245 | 1 | 3 |
_aLe relativisme philosohique chez Georg Simmel / _cpar A. Mamelet; préface de Victor Delbos. |
| 260 |
_aParis : _bFélix Alcan, _c1914. |
||
| 300 |
_aIX, 214 p. ; _c23 cm. |
||
| 490 | 1 | _aBibliothèque de philosophie contemporaine | |
| 600 | 0 | 4 |
_aSimmel, Georg. _9106480 |
| 700 | 1 |
_aDelbos, Victor. _943346 |
|
| 830 | 0 |
_aBibliothèque de philosophie contemporaine _9181027 |
|
| 852 |
_aES-MaACL _jB-6863 |
||
| 999 |
_c96692 _d96692 |
||